|
|
|
|
| LEADER |
01558nam a2200325 u 4500 |
| 001 |
10099864 |
| 003 |
upatras |
| 005 |
20231108131257.0 |
| 008 |
130111s2007 uk eng |
| 020 |
|
|
|a 9780230018969
|
| 040 |
|
|
|a GR-PaULI
|c GR-PaULI
|
| 041 |
0 |
|
|a eng
|
| 082 |
0 |
4 |
|a 190.090 34
|
| 100 |
1 |
|
|a Screpanti, Ernesto
|d 1948-
|4 aut
|9 76283
|
| 245 |
1 |
0 |
|a Libertarian communism
|b Marx, Engels and the political economy of freedom
|c Ernesto Screpanti
|
| 260 |
|
|
|a Hampshire
|b Palgrave Macmillan
|c 2007
|
| 300 |
|
|
|a xviii, 205 σ.
|c 23 εκ.
|
| 504 |
|
|
|a Περιέχει βιβλιογραφία και ευρετήριο
|
| 650 |
|
4 |
|a Φιλοσοφία, Γερμανική
|y 19ος αιώνας
|9 3527
|
| 650 |
|
4 |
|a Κομμουνισμός
|9 3081
|
| 650 |
|
4 |
|9 84134
|a Ελευθερία.
|
| 600 |
1 |
0 |
|a Engels, Friedrich,
|d 1820-1895
|9 11534
|
| 600 |
1 |
4 |
|9 2828
|a Marx, Karl,
|d 1818-1883
|
| 852 |
|
|
|a GR-PaULI
|b ΠΑΤΡΑ
|b ΦΙΛΟΣΟΦΙΑ
|k ΑΣΧΞ-4
|h MARX 190.090 34 SCR
|m 9526
|p 025000187277
|t 1
|
| 852 |
|
|
|a GR-PaULI
|b ΠΑΤΡΑ
|b ΦΙΛΟΣΟΦΙΑ
|k ΑΣΧΞ-4
|h MARX 190.090 34 SCR
|m 9528
|p 025000185931
|t 2
|
| 942 |
|
|
|2 ddc
|c BK15
|
| 952 |
|
|
|0 0
|1 0
|4 0
|6 MARX_190_090000000000000_34_SCR
|7 0
|9 119128
|a PHIL
|b PHIL
|d 2016-04-24
|i 9526
|l 0
|o MARX 190.090 34 SCR
|p 025000187277
|r 2016-04-24 00:00:00
|t 1
|w 2016-04-24
|y BK15
|
| 952 |
|
|
|0 0
|1 0
|4 0
|6 MARX_190_090000000000000_34_SCR
|7 0
|9 119129
|a PHIL
|b PHIL
|d 2016-04-24
|i 9528
|l 0
|o MARX 190.090 34 SCR
|p 025000185931
|r 2016-04-24 00:00:00
|t 2
|w 2016-04-24
|y BK15
|
| 998 |
|
|
|c ΚΑΝΕΛΛΟΠΟΥΛΟΥ
|d 2013-01
|
| 999 |
|
|
|c 79089
|d 79089
|